| 000 | 00390nam a2200157 4500 | ||
|---|---|---|---|
| 999 |
_c817 _d817 |
||
| 008 | 191221b ||||| |||| 00| 0 eng d | ||
| 082 | 0 | 0 |
_a509 _bR2887 |
| 100 |
_9353 _aReason, H. A. |
||
| 245 | 1 | 0 |
_aThe Road to Modern Science _cby H A Reason |
| 250 | _a2nd ed. | ||
| 260 |
_aLondon _bG. Bell & Sons _c1947 |
||
| 300 | _avii, 310 p. | ||
| 365 | _d7.11 | ||
| 650 | 0 | _aScience | |
| 942 |
_2ddc _cBK |
||